Statystyki dla 15 najbardziej dotkniętych krajów Covid-19 - 22 stycznia

Kliknij tutaj aby rozwiązać quiz!

Ogólne statystyki

  • Ten quiz został rozwiązany 27 razy
  • Średni wynik to 15 z 28

Statystyki odpowiedzi

kraj% Poprawnych
Polska
100%
Rosja
100%
Stany Zjednoczone
96%
Niemcy
92%
Hiszpania
88%
Włochy
88%
Brazylia
81%
Wielka Brytania
81%
Francja
77%
Argentyna
65%
Indie
65%
Meksyk
62%
Czechy
58%
Portugalia
58%
Belgia
50%
Holandia
50%
Kolumbia
50%
Turcja
42%
Chorwacja
27%
Republika
Południowej Afryki
27%
Szwajcaria
27%
Izrael
19%
Litwa
19%
Słowenia
19%
Gruzja
15%
Bahrajn
12%
Armenia
8%
Panama
8%

Rozkład punktacji

Percentyl według liczby udzielonych odpowiedzi

Procent ludzi z każdym wynikiem

Twoja historia wyników

Nie rozwiązałeś tego quizu